| 000 | 00835nam a22002417a 4500 | ||
|---|---|---|---|
| 003 | OSt | ||
| 005 | 20131017094921.0 | ||
| 008 | 130618s2007 sp ||||| |||| 00| 0 spa d | ||
| 020 | _a9788498207729 | ||
| 040 | _cCDMR | ||
| 100 | 1 |
_93809 _aSabadin, Vittorio |
|
| 245 | 1 | 3 |
_aEl último ejemplar del New York Times _b: el futuro de los periódicos en papel |
| 260 |
_aBarcelona _bSol90 _c2007 |
||
| 300 |
_a159 p. _bil. |
||
| 490 | _aMadia (Sol90) | ||
| 500 | _aEpíleg: Miradas a la prensa escrita de los últimos 25 años / Carlos Pérez de Rozas | ||
| 610 | 2 |
_94099 _aNew York Times (Diari) |
|
| 650 | 0 | 4 |
_93188 _aPremsa digital |
| 650 | 0 | 4 |
_92272 _aPeriodisme _xInnovacions tecnològiques |
| 650 | 0 | 4 |
_93080 _aMitjans de comunicació de massa _xInnovacions tecnològiques |
| 700 | 1 |
_93810 _aPérez de Rozas, Carlos |
|
| 942 |
_2udc _cMON |
||
| 999 |
_c6480 _d6480 |
||